Loading...
| Social Science | 0 | 3 | 1 | 0 | 25 | 92 | 108.67 | 0 | 1 |
| Literature - World/Other Literature | 0 | 2 | 0 | 0 | 20 | 129 | 131.50 | 0 | 0 |
| Science - Physics | 0 | 2 | 0 | 1 | 20 | 124 | 124.50 | 0 | 0 |
| Geography/Current Events | 0 | 2 | 2 | 0 | 10 | 62 | 94.00 | 1 | 1 |
| History - American History | 0 | 1 | 0 | 1 | 10 | 118 | 118.00 | 0 | 0 |
| Literature - British Literature | 0 | 1 | 0 | 0 | 10 | 119 | 119.00 | 0 | 0 |
| Mythology | 0 | 1 | 0 | 0 | 10 | 137 | 137.00 | 0 | 0 |
| Fine Arts - Other Fine Arts | 0 | 1 | 0 | 1 | 10 | 151 | 151.00 | 0 | 0 |
| Religion | 0 | 1 | 1 | 0 | 5 | 95 | 95.00 | 0 | 1 |
| Fine Arts - Classical Music | 0 | 1 | 1 | 1 | 5 | 135 | 135.00 | 0 | 0 |
| Science - Other Science | 0 | 1 | 1 | 0 | 5 | 63 | 63.00 | 0 | 1 |
| Philosophy | 0 | 1 | 1 | 1 | 5 | 125 | 125.00 | 0 | 0 |
| Science - Biology | 0 | 0 | 0 | 0 | 0 | 0.00 | 0 | 0 | |
| History - European History | 0 | 1 | 2 | 0 | 0 | 121 | 121.00 | 0 | 0 |
| Fine Arts - Visual Fine Arts | 0 | 0 | 1 | 0 | -5 | 0.00 | 0 | 0 | |
| History - Other History | 0 | 0 | 1 | 0 | -5 | 0.00 | 0 | 0 | |
| Literature - European Literature | 0 | 0 | 1 | 0 | -5 | 0.00 | 0 | 0 | |
| Science - Chemistry | 0 | 0 | 2 | 0 | -10 | 0.00 | 0 | 0 |